[Event "2. Bundesliga West 2017/18"]
[Site "Hotel Servus Europa"]
[Date "2018.03.09"]
[Round "9"]
[Board "6"]
[White "Kuntner, Reinhard"]
[Black "Doppelhammer, Herbert"]
[Result "1/2-1/2"]
[WhiteElo "1926"]
[BlackElo "2017"]
[PlyCount "60"]
[EventDate "2017.10.13"]
[EventType "team"]
[EventRounds "11"]
[EventCountry "AUT"]
[WhiteTeam "Hohenems II"]
[BlackTeam "Ranshofen"]

1. d4 Nf6 2. c4 e6 3. g3 d5 4. Nf3 Bb4+ 5. Bd2 Bd6 6. Bg2 Ne4 7. O-O c6 8. Bf4
Bxf4 9. gxf4 Nd7 10. e3 O-O 11. Qc2 f5 12. Nc3 Ndf6 13. Ne5 Bd7 14. f3 Nd6 15.
b3 Be8 16. Rac1 Rc8 17. c5 Nf7 18. b4 a6 19. Qd2 Nh5 20. Qf2 Kh8 21. Kh1 Rc7
22. Ne2 Nh6 23. Rg1 Ng8 24. Bh3 Qf6 25. Rg5 h6 26. Rgg1 Qd8 27. Rc2 Qf6 28. Bf1
Ne7 29. Ng3 Nc8 30. Nxh5 Bxh5  1/2-1/2

[Event "2. Bundesliga West 2017/18"]
[Site "Hotel Servus Europa"]
[Date "2018.03.10"]
[Round "10"]
[Board "1"]
[White "Bilchinski, Anton"]
[Black "Riediger, Martin"]
[Result "1-0"]
[WhiteElo "2295"]
[BlackElo "2288"]
[PlyCount "87"]
[EventDate "2017.10.13"]
[EventType "team"]
[EventRounds "11"]
[EventCountry "AUT"]
[WhiteTeam "Pradl"]
[BlackTeam "Ranshofen"]

1. d4 Nf6 2. Nf3 e6 3. c4 b6 4. Nc3 Bb7 5. a3 g6 6. Qc2 d6 7. e4 Nbd7 8. Bd3
Bg7 9. O-O O-O 10. b4 c6 11. Bg5 h6 12. Bd2 e5 13. d5 c5 14. b5 Ne8 15. a4 Nc7
16. a5 Qe7 17. g3 Rfe8 18. Nh4 Nf8 19. Na4 Nd7 20. Rae1 Rab8 21. Bc3 Bc8 22.
Ng2 Nf8 23. f4 Nh7 24. Rf2 Rf8 25. Qb2 Re8 26. Ref1 f6 27. Qc1 Nf8 28. Bd2 Kh7
29. h4 Bh3 30. Kh2 Bxg2 31. Kxg2 Nd7 32. h5 g5 33. fxg5 hxg5 34. Be2 Rf8 35.
Bg4 Ne8 36. h6 Bxh6 37. Rh1 Kg7 38. Bf5 Rh8 39. Kg1 Nf8 40. Rfh2 Ng6 41. Rh5
Qf7 42. Qf1 Ne7 43. Qh3 Ng8 44. Nc3  1-0

[Event "2. Bundesliga West 2017/18"]
[Site "Hotel Servus Europa"]
[Date "2018.03.10"]
[Round "10"]
[Board "2"]
[White "Knechtel, Roland"]
[Black "Eybl, Alexander"]
[Result "0-1"]
[WhiteElo "2245"]
[BlackElo "2270"]
[PlyCount "110"]
[EventDate "2017.10.13"]
[EventType "team"]
[EventRounds "11"]
[EventCountry "AUT"]
[WhiteTeam "Ranshofen"]
[BlackTeam "Pradl"]

1. d4 Nf6 2. c4 e6 3. Nc3 Bb4 4. e3 O-O 5. Bd3 c5 6. d5 Bxc3+ 7. bxc3 d6 8. f4
e5 9. fxe5 dxe5 10. Qc2 Qe7 11. e4 Ne8 12. Be3 Nd7 13. Ne2 Nd6 14. Ng3 g6 15.
O-O b6 16. Rf3 f6 17. Raf1 a5 18. h4 Ba6 19. Qe2 Rf7 20. Bh6 a4 21. a3 Rb8 22.
h5 b5 23. hxg6 hxg6 24. cxb5 Bxb5 25. Bxb5 Rxb5 26. Bc1 c4 27. Nh1 f5 28. exf5
gxf5 29. Bg5 Qf8 30. Rh3 Ne4 31. Be3 f4 32. Qxc4 Nd6 33. Qd3 Qg7 34. Bf2 Rb2
35. Qa6 Nf5 36. d6 Ne3 37. Qa8+ Rf8 38. Qf3 Nxf1 39. Kxf1 Nf6 40. Rh4 Rb1+ 41.
Be1 Qb7 42. Qxb7 Rxb7 43. g3 Ne4 44. Ke2 Nxd6 45. gxf4 exf4 46. Kf3 Nc4 47. Rh5
Nxa3 48. Ra5 Nc2 49. Bd2 a3 50. Nf2 Rff7 51. Ra8+ Kh7 52. Ne4 Ra7 53. Rb8 a2
54. Ng5+ Kg6 55. Nxf7 Kxf7  0-1

[Event "2. Bundesliga West 2017/18"]
[Site "Hotel Servus Europa"]
[Date "2018.03.10"]
[Round "10"]
[Board "3"]
[White "Doskocil, Klaus"]
[Black "Ager, Josef"]
[Result "0-1"]
[WhiteElo "2239"]
[BlackElo "2109"]
[PlyCount "102"]
[EventDate "2017.10.13"]
[EventType "team"]
[EventRounds "11"]
[EventCountry "AUT"]
[WhiteTeam "Pradl"]
[BlackTeam "Ranshofen"]

1. e4 g6 2. d4 Bg7 3. Nc3 c6 4. Nf3 d6 5. a4 Nf6 6. Be2 O-O 7. O-O b6 8. h3 Bb7
9. Be3 Nbd7 10. Qd2 Re8 11. e5 dxe5 12. dxe5 Nd5 13. Nxd5 cxd5 14. e6 fxe6 15.
Ng5 Nf8 16. Bb5 Qd6 17. Bxe8 Rxe8 18. c3 e5 19. Rfd1 Qc6 20. Nf3 Ne6 21. a5 Nc5
22. Qc2 Rf8 23. Ne1 Bc8 24. b4 Ne4 25. axb6 axb6 26. Ra3 Nd6 27. Qd3 Bb7 28.
Bg5 Nb5 29. Rb3 e4 30. Qc2 Nxc3 31. Rc1 d4 32. Bxe7 Re8 33. Bg5 Qb5 34. Rxc3
dxc3 35. Be3 h5 36. Qa2+ Bd5 37. Qa7 Qxb4 38. Bxb6 Re7 39. Qa6 Kh7 40. Be3 Rc7
41. Nc2 Qb7 42. Qd6 Rd7 43. Qc5 Qc6 44. Qa3 Bc4 45. Nb4 Qb5 46. Nc2 Bd3 47. Kh2
Be5+ 48. g3 h4 49. Qf8 hxg3+ 50. fxg3 Bg7 51. Qe8 Bxc2  0-1

[Event "2. Bundesliga West 2017/18"]
[Site "Hotel Servus Europa"]
[Date "2018.03.10"]
[Round "10"]
[Board "4"]
[White "Kuecher, Wolfgang"]
[Black "Meier, Alexander"]
[Result "1/2-1/2"]
[WhiteElo "2123"]
[BlackElo "2210"]
[PlyCount "73"]
[EventDate "2017.10.13"]
[EventType "team"]
[EventRounds "11"]
[EventCountry "AUT"]
[WhiteTeam "Ranshofen"]
[BlackTeam "Pradl"]

1. d4 d6 2. e4 g6 3. Nc3 Bg7 4. Be3 a6 5. Qd2 Nd7 6. h4 h5 7. Nh3 b5 8. Ng5
Ngf6 9. f3 Bb7 10. O-O-O Rc8 11. Qf2 e5 12. d5 Qe7 13. Be2 c5 14. g4 c4 15. a3
Nc5 16. Rdf1 O-O 17. Rfg1 Qe8 18. Qg2 a5 19. gxh5 Nxh5 20. f4 Nxf4 21. Bxf4
exf4 22. Bg4 b4 23. h5 bxc3 24. hxg6 cxb2+ 25. Kb1 Na4 26. Rh3 f5 27. Bxf5 Rxf5
28. exf5 f3 29. Rxf3 Bxd5 30. f6 Bxf6 31. Qh3 Bxf3 32. Qh7+ Kf8 33. g7+ Bxg7
34. Qf5+ Kg8 35. Qh7+ Kf8 36. Qf5+ Kg8 37. Qh7+  1/2-1/2

[Event "2. Bundesliga West 2017/18"]
[Site "Hotel Servus Europa"]
[Date "2018.03.10"]
[Round "10"]
[Board "5"]
[White "Everett, Elijah"]
[Black "Doppelhammer, Herbert"]
[Result "1-0"]
[WhiteElo "2190"]
[BlackElo "2017"]
[PlyCount "119"]
[EventDate "2017.10.13"]
[EventType "team"]
[EventRounds "11"]
[EventCountry "AUT"]
[WhiteTeam "Pradl"]
[BlackTeam "Ranshofen"]

1. e4 e5 2. Nf3 Nc6 3. Bb5 a6 4. Ba4 Nf6 5. O-O Be7 6. Re1 d6 7. c3 Bg4 8. d3
Nd7 9. Nbd2 Nc5 10. Bc2 Ne6 11. h3 Bh5 12. Nf1 Bxf3 13. Qxf3 Bg5 14. Be3 Bf4
15. d4 Bxe3 16. fxe3 Nf8 17. Bb3 Qf6 18. Qxf6 gxf6 19. Ng3 Nd7 20. Rf1 Rg8 21.
Nh5 Rg6 22. a4 Ke7 23. Rf3 Rag8 24. g4 Rg5 25. Kh2 R8g6 26. Raf1 Nd8 27. Ba2
Ne6 28. b4 Ng7 29. Nf4 exf4 30. exf4 Rxg4 31. hxg4 Rxg4 32. Rg3 Rh4+ 33. Rh3
Rg4 34. Rxh7 Nf8 35. Rh3 Ng6 36. Rg3 Rh4+ 37. Kg1 Nh5 38. Rgf3 Nhxf4 39. Bc4
Rg4+ 40. Kf2 Rg2+ 41. Ke1 Nh5 42. R1f2 Rg1+ 43. Kd2 Ng3 44. Bd3 Nh5 45. Rf5 Rg5
46. Rh2 Ng7 47. Rf1 c6 48. Kc2 Nh5 49. Kb3 Ng3 50. Rf3 Nh5 51. b5 axb5 52. axb5
cxb5 53. Kb4 Ng3 54. Rhf2 Nh5 55. Bxb5 Rg3 56. Rxg3 Nxg3 57. Bd3 Nf8 58. Ka5
Nd7 59. Rf3 Nh5 60. Bb5  1-0

[Event "2. Bundesliga West 2017/18"]
[Site "Hotel Servus Europa"]
[Date "2018.03.10"]
[Round "10"]
[Board "6"]
[White "Stadler, Alexander"]
[Black "Praxmarer, Christian"]
[Result "1-0"]
[WhiteElo "2112"]
[BlackElo "1974"]
[PlyCount "57"]
[EventDate "2017.10.13"]
[EventType "team"]
[EventRounds "11"]
[EventCountry "AUT"]
[WhiteTeam "Ranshofen"]
[BlackTeam "Pradl"]

1. d4 e6 2. Nf3 f5 3. Bf4 Nf6 4. e3 Be7 5. h3 b6 6. c4 Bb7 7. Nc3 Bb4 8. Qb3
Na6 9. Be2 O-O 10. a3 Bxc3+ 11. bxc3 Qc8 12. O-O c5 13. a4 Ne4 14. a5 Rf6 15.
axb6 axb6 16. Rfb1 e5 17. Bxe5 Rg6 18. d5 Nc7 19. Rxa8 Bxa8 20. Ra1 Bb7 21. Nh4
Rg5 22. Bf4 b5 23. Bxg5 Nxg5 24. cxb5 d6 25. c4 Ne8 26. Ra7 Ne4 27. Bd3 Qd8 28.
Nxf5 Nxf2 29. Rxb7  1-0

[Event "2. Bundesliga West 2017/18"]
[Site "Hotel Servus Europa"]
[Date "2018.03.10"]
[Round "10"]
[Board "1"]
[White "Wegener, Olaf"]
[Black "Sulava, Nenad"]
[Result "1-0"]
[WhiteElo "2431"]
[BlackElo "2452"]
[PlyCount "83"]
[EventDate "2017.10.13"]
[EventType "team"]
[EventRounds "11"]
[EventCountry "AUT"]
[WhiteTeam "Rochade Rum"]
[BlackTeam "Sparkasse Neumarkt"]

1. e4 c5 2. Nf3 e6 3. d4 cxd4 4. Nxd4 a6 5. Bd3 d6 6. O-O Nd7 7. c4 Ne5 8. Be2
Nf6 9. Nc3 Be7 10. Be3 O-O 11. Rc1 Ng6 12. b4 Bd7 13. Nb3 b6 14. Qd4 Rb8 15.
Rfd1 Bc6 16. f3 Nd7 17. Qd2 Bb7 18. c5 bxc5 19. bxc5 Nxc5 20. Nxc5 dxc5 21. Na4
Qxd2 22. Rxd2 Rfd8 23. Rxd8+ Rxd8 24. Nxc5 Bxc5 25. Rxc5 Rc8 26. Rxc8+ Bxc8 27.
Bc5 f6 28. Kf2 Kf7 29. Ke3 Ne5 30. Kd4 Nc6+ 31. Kc4 Ke8 32. Bd6 Kd7 33. Bf8 g5
34. Kc5 h5 35. Bd1 Kc7 36. h3 h4 37. a3 f5 38. Bh6 Ne5 39. Bxg5 Nd3+ 40. Kd4
Nc1 41. exf5 exf5 42. Ke3  1-0

[Event "2. Bundesliga West 2017/18"]
[Site "Hotel Servus Europa"]
[Date "2018.03.10"]
[Round "10"]
[Board "2"]
[White "Gara, Anita"]
[Black "Gatterer, Florian"]
[Result "1-0"]
[WhiteElo "2382"]
[BlackElo "2271"]
[PlyCount "155"]
[EventDate "2017.10.13"]
[EventType "team"]
[EventRounds "11"]
[EventCountry "AUT"]
[WhiteTeam "Sparkasse Neumarkt"]
[BlackTeam "Rochade Rum"]

1. e4 c5 2. Nf3 g6 3. c3 d5 4. exd5 Qxd5 5. d4 Bg7 6. Na3 cxd4 7. Bc4 Qe4+ 8.
Be3 Nh6 9. cxd4 O-O 10. Nb5 Na6 11. Nc3 Qc6 12. Bd5 Qb6 13. Qd2 Nf5 14. O-O Bd7
15. a4 Nb4 16. a5 Qa6 17. Bb3 Qd3 18. Qxd3 Nxd3 19. Rfd1 Nxe3 20. fxe3 Nb4 21.
e4 Rac8 22. Rd2 Bh6 23. Rdd1 Bg4 24. Kf2 Rfd8 25. Bxf7+ Kf8 26. Bb3 Bxf3 27.
Kxf3 Nc6 28. Bd5 Bg7 29. Bxc6 bxc6 30. Ra4 Rb8 31. Rd2 c5 32. d5 Rb3 33. Rc4
Bd4 34. Ke2 Rdb8 35. Nd1 R8b5 36. Rd3 Rxd3 37. Kxd3 Rxa5 38. Nc3 Bxc3 39. Rxc3
Rb5 40. b3 Rb4 41. g4 Ke8 42. Rxc5 Rxb3+ 43. Kd4 Kd7 44. Ra5 Rb7 45. Ra6 Ke8
46. h4 Rb4+ 47. Ke5 Rb7 48. Kf4 Kf7 49. h5 gxh5 50. gxh5 Rd7 51. Ke5 Rb7 52.
Kf5 Rd7 53. Kf4 Kg7 54. h6+ Kf7 55. Kg5 Kf8 56. Ra5 Kf7 57. e5 Rb7 58. e6+ Ke8
59. Kf5 Kd8 60. Ke5 Rc7 61. Ra4 Rb7 62. Rg4 Rb1 63. Rg7 Re1+ 64. Kd4 Rd1+ 65.
Kc5 Rc1+ 66. Kb5 Rd1 67. Kc6 Rc1+ 68. Kb7 Rb1+ 69. Kxa7 Rb5 70. d6 exd6 71.
Rxh7 Rh5 72. Rd7+ Ke8 73. h7 Rh1 74. Rg7 d5 75. Rg8+ Ke7 76. h8=Q Rxh8 77. Rxh8
Kxe6 78. Kb6  1-0

[Event "2. Bundesliga West 2017/18"]
[Site "Hotel Servus Europa"]
[Date "2018.03.10"]
[Round "10"]
[Board "3"]
[White "Paltrinieri, Nicholas"]
[Black "Manakov, Ilya"]
[Result "0-1"]
[WhiteElo "2300"]
[BlackElo "2376"]
[PlyCount "108"]
[EventDate "2017.10.13"]
[EventType "team"]
[EventRounds "11"]
[EventCountry "AUT"]
[WhiteTeam "Rochade Rum"]
[BlackTeam "Sparkasse Neumarkt"]

1. d4 Nf6 2. Bg5 d5 3. Bxf6 exf6 4. e3 Bd6 5. g3 c6 6. Bg2 O-O 7. Ne2 f5 8. Qd3
Be6 9. O-O Nd7 10. b3 Nf6 11. c4 g6 12. Nbc3 a6 13. c5 Bc7 14. b4 Qe7 15. a4
Ne4 16. Rfb1 h5 17. b5 h4 18. bxc6 bxc6 19. a5 hxg3 20. hxg3 Nxc3 21. Qxc3 Rfb8
22. Nf4 Rb5 23. Bf1 Bxa5 24. Qxa5 Rxa5 25. Rxa5 g5 26. Nd3 f4 27. exf4 Bf5 28.
fxg5 Qxg5 29. Rba1 Bxd3 30. Bxd3 Qd2 31. Bxa6 Qxd4 32. R1a4 Qd1+ 33. Kg2 Rb8
34. Ra1 Rb1 35. Rxb1 Qxb1 36. Bc8 Qe4+ 37. Kh2 Qb4 38. Ra2 Qxc5 39. Bf5 Qd4 40.
Kg2 Kg7 41. Rc2 c5 42. Kf3 c4 43. g4 Kf6 44. Ke2 Ke5 45. Kf3 Qf4+ 46. Ke2 Kd4
47. Ra2 Kc3 48. Ra3+ Kb4 49. Ra2 d4 50. Rd2 Kb3 51. Ke1 d3 52. Bxd3 Kc3 53. Ra2
Qc1+ 54. Ke2 cxd3+  0-1

[Event "2. Bundesliga West 2017/18"]
[Site "Hotel Servus Europa"]
[Date "2018.03.10"]
[Round "10"]
[Board "4"]
[White "Kaspret, Guido"]
[Black "Pogan, Nikolas"]
[Result "1-0"]
[WhiteElo "2273"]
[BlackElo "2310"]
[PlyCount "109"]
[EventDate "2017.10.13"]
[EventType "team"]
[EventRounds "11"]
[EventCountry "AUT"]
[WhiteTeam "Sparkasse Neumarkt"]
[BlackTeam "Rochade Rum"]

1. c4 Nf6 2. Nc3 g6 3. d4 Bg7 4. e4 d6 5. Be2 O-O 6. g4 Nc6 7. d5 Ne5 8. g5 Ne8
9. f4 Nd7 10. h4 e6 11. Be3 Qe7 12. Qd2 exd5 13. cxd5 Nc5 14. Bxc5 Bxc3 15.
Qxc3 Qxe4 16. Bf2 Qxh1 17. O-O-O Qe4 18. Rd4 Qe7 19. Bf3 Bf5 20. Ne2 Rc8 21.
Ng3 Ng7 22. h5 c5 23. dxc6 Bd7 24. h6 Ne6 25. Rc4 Bxc6 26. Bxc6 Rxc6 27. Rxc6
bxc6 28. Ne4 f5 29. gxf6 Qd7 30. f5 gxf5 31. Qg3+ Kh8 32. Nxd6 f4 33. Qc3 Kg8
34. f7+ Rxf7 35. Nxf7 Kxf7 36. Qc2 Kf6 37. Bh4+ Ke5 38. Qe2+ Kd6 39. Bf6 c5 40.
Be5+ Kd5 41. Qd1+ Nd4 42. Bxf4 Qh3 43. Bd2 a6 44. b3 Kc6 45. Kb2 Qd3 46. Qh1+
Kb6 47. Qc1 Qe2 48. Qc3 Nc6 49. Qe3 Qh2 50. Qd3 Nb4 51. Qd8+ Kb7 52. Qd7+ Kb6
53. Qe6+ Nc6 54. Kc2 Qg2 55. a4 {86 moves}  1-0

[Event "2. Bundesliga West 2017/18"]
[Site "Hotel Servus Europa"]
[Date "2018.03.10"]
[Round "10"]
[Board "5"]
[White "Hengl, Christian"]
[Black "Wuppinger, Manfred"]
[Result "1-0"]
[WhiteElo "2153"]
[BlackElo "2066"]
[PlyCount "109"]
[EventDate "2017.10.13"]
[EventType "team"]
[EventRounds "11"]
[EventCountry "AUT"]
[WhiteTeam "Rochade Rum"]
[BlackTeam "Sparkasse Neumarkt"]

1. e4 Nf6 2. Nc3 d5 3. e5 d4 4. Nce2 Ng4 5. f4 Nc6 6. Nf3 h5 7. c3 dxc3 8. bxc3
Nh6 9. d4 e6 10. Ng3 h4 11. Ne4 Nf5 12. Bd3 Be7 13. O-O a6 14. a4 b6 15. Qe2
Bb7 16. Bb2 Qd5 17. Neg5 g6 18. c4 Qd7 19. Bxf5 gxf5 20. d5 Bc5+ 21. Kh1 Na5
22. Rad1 Qe7 23. Nxf7 Qxf7 24. Ng5 Qh5 25. Qc2 O-O-O 26. Nxe6 Bb4 27. Ng5 Rdf8
28. e6 Be7 29. Rfe1 Qg4 30. Nh3 Rhg8 31. Re2 Re8 32. Be5 Bc5 33. Ng5 Rxg5 34.
h3 Qh5 35. fxg5 Qxg5 36. Rf1 Rf8 37. Qc3 f4 38. Re4 f3 39. gxf3 Qh5 40. Rg4 Re8
41. Re1 Qf5 42. Kh2 Qf8 43. Ree4 Bb4 44. Qd3 Bd6 45. Kg2 Bxe5 46. Rxe5 Kb8 47.
Rf5 Qh8 48. Qd4 Qxd4 49. Rxd4 Nb3 50. Rdf4 Kc8 51. Rf8 Kd8 52. Rxe8+ Kxe8 53.
Rxh4 Nc5 54. Rh7 Nxa4 55. d6  1-0

[Event "2. Bundesliga West 2017/18"]
[Site "Hotel Servus Europa"]
[Date "2018.03.10"]
[Round "10"]
[Board "6"]
[White "Egger, Martin"]
[Black "Jedinger, Andreas"]
[Result "1/2-1/2"]
[WhiteElo "2065"]
[BlackElo "2108"]
[PlyCount "105"]
[EventDate "2017.10.13"]
[EventType "team"]
[EventRounds "11"]
[EventCountry "AUT"]
[WhiteTeam "Sparkasse Neumarkt"]
[BlackTeam "Rochade Rum"]

1. e4 e5 2. Nf3 Nc6 3. Bc4 Nf6 4. Ng5 d5 5. exd5 Na5 6. Bb5+ c6 7. dxc6 bxc6 8.
Qf3 Rb8 9. Bd3 Bd6 10. Nc3 O-O 11. Bf5 h6 12. Nge4 Nxe4 13. Nxe4 Bc7 14. d3 Nb7
15. O-O Nd6 16. Nxd6 Bxd6 17. Bxc8 Qxc8 18. c3 f5 19. Qe2 Qc7 20. f3 Rbe8 21.
Be3 Qf7 22. Qf2 Qe7 23. b4 Rf7 24. Bc5 Bxc5 25. Qxc5 Qxc5+ 26. bxc5 Rd7 27.
Rad1 Red8 28. f4 e4 29. d4 Rb8 30. Rb1 Rdb7 31. Rxb7 Rxb7 32. Rc1 Kf7 33. Rc2
Ke6 34. c4 Rb1+ 35. Kf2 Rd1 36. d5+ cxd5 37. c6 d4 38. c5 Ke7 39. Rb2 Rc1 40.
Rb7+ Kd8 41. Rd7+ Kc8 42. Rxd4 Rxc5 43. Ra4 a5 44. Ke3 Rd5 45. Rc4 Kc7 46. g4
g6 47. gxf5 gxf5 48. Ke2 Rb5 49. Ke3 Rd5 50. Ke2 h5 51. h4 Rb5 52. Ke3 Rd5 53.
Ke2  1/2-1/2

[Event "2. Bundesliga West 2017/18"]
[Site "Hotel Servus Europa"]
[Date "2018.03.10"]
[Round "10"]
[Board "1"]
[White "Votava, Jan"]
[Black "Gaehwiler, Gabriel"]
[Result "1-0"]
[WhiteElo "2512"]
[BlackElo "2419"]
[PlyCount "69"]
[EventDate "2017.10.13"]
[EventType "team"]
[EventRounds "11"]
[EventCountry "AUT"]
[WhiteTeam "Zillertal"]
[BlackTeam "Dornbirn"]

1. d4 Nf6 2. Nf3 e6 3. g3 d5 4. Bg2 Be7 5. O-O O-O 6. c4 c6 7. b3 Nbd7 8. Bb2
b6 9. Nc3 Ba6 10. Nd2 Rc8 11. e4 dxc4 12. Nxc4 b5 13. Ne3 b4 14. Ne2 c5 15. e5
Nd5 16. Nxd5 exd5 17. Bxd5 Nb6 18. Bf3 cxd4 19. Bxd4 Bxe2 20. Bxe2 Bc5 21. Bb2
Qe7 22. Bf3 Rfd8 23. Qe2 Bd4 24. Bxd4 Rxd4 25. Rad1 Rcd8 26. Rxd4 Rxd4 27. Rc1
g6 28. Qe3 Rd8 29. Qc5 Qxc5 30. Rxc5 Rd2 31. Ra5 Nd7 32. Bc6 Nf8 33. Rxa7 Ne6
34. Kg2 g5 35. Be8  1-0

[Event "2. Bundesliga West 2017/18"]
[Site "Hotel Servus Europa"]
[Date "2018.03.10"]
[Round "10"]
[Board "2"]
[White "Novkovic, Milan"]
[Black "Michalik, Peter"]
[Result "0-1"]
[WhiteElo "2362"]
[BlackElo "2546"]
[PlyCount "82"]
[EventDate "2017.10.13"]
[EventType "team"]
[EventRounds "11"]
[EventCountry "AUT"]
[WhiteTeam "Dornbirn"]
[BlackTeam "Zillertal"]

1. d4 Nf6 2. c4 g6 3. Nc3 d5 4. cxd5 Nxd5 5. e4 Nxc3 6. bxc3 Bg7 7. Qa4+ Qd7 8.
Bb5 c6 9. Be2 O-O 10. Qa3 b6 11. Nf3 c5 12. Be3 cxd4 13. cxd4 Bb7 14. Ne5 Qd6
15. Qxd6 exd6 16. Nc4 Bxe4 17. f3 Bd5 18. Nxd6 Nc6 19. Kf2 f5 20. f4 Nxd4 21.
Rad1 Nxe2 22. Rxd5 Nc3 23. Rd2 Rfd8 24. Kf3 Nxa2 25. Rxa2 Rxd6 26. Ra3 Re8 27.
Rb1 Rd7 28. Rbb3 Rc8 29. h3 Kf7 30. g4 Rc2 31. Rb5 Ke6 32. Bxb6 axb6 33. Rxb6+
Kf7 34. Rb5 Bf8 35. Rab3 Bc5 36. Rb7 Rxb7 37. Rxb7+ Be7 38. Rb5 Rc5 39. Rb7
Rc3+ 40. Kg2 h5 41. g5 h4  0-1

[Event "2. Bundesliga West 2017/18"]
[Site "Hotel Servus Europa"]
[Date "2018.03.10"]
[Round "10"]
[Board "3"]
[White "Lanka, Zigurds"]
[Black "Novkovic, Julia"]
[Result "1/2-1/2"]
[WhiteElo "2426"]
[BlackElo "2111"]
[PlyCount "91"]
[EventDate "2017.10.13"]
[EventType "team"]
[EventRounds "11"]
[EventCountry "AUT"]
[WhiteTeam "Zillertal"]
[BlackTeam "Dornbirn"]

1. Nf3 Nf6 2. d4 g6 3. Nc3 d5 4. Bf4 Bg7 5. e3 O-O 6. Be2 b6 7. Ne5 c6 8. h4
Nfd7 9. h5 Nxe5 10. Bxe5 Nd7 11. Bxg7 Kxg7 12. e4 dxe4 13. Nxe4 Nf6 14. Nxf6
exf6 15. Qd2 g5 16. O-O-O h6 17. Bf3 Qd6 18. g3 Be6 19. Kb1 Rad8 20. Qc3 Rc8
21. Rhe1 Rfe8 22. Re3 Bd5 23. Bg4 Rxe3 24. Qxe3 Be6 25. Bf3 Re8 26. b3 Bd7 27.
Qd3 Re7 28. Kb2 Qb8 29. Qc3 Qc8 30. Rd3 Bf5 31. Re3 Rc7 32. Qe1 Qd7 33. c3 Be6
34. Qd1 b5 35. Qd2 Bf5 36. Be2 Qd6 37. f4 gxf4 38. Rf3 Bg4 39. Rxf4 Bxe2 40.
Qxe2 Re7 41. Qg4+ Kf8 42. Rf2 Re3 43. Qf5 Kg7 44. Qg4+ Kf8 45. Qf5 Kg7 46. Qg4+
 1/2-1/2

[Event "2. Bundesliga West 2017/18"]
[Site "Hotel Servus Europa"]
[Date "2018.03.10"]
[Round "10"]
[Board "4"]
[White "Kanonier, Clemens"]
[Black "Hausner, Ivan"]
[Result "0-1"]
[WhiteElo "2169"]
[BlackElo "2321"]
[PlyCount "52"]
[EventDate "2017.10.13"]
[EventType "team"]
[EventRounds "11"]
[EventCountry "AUT"]
[WhiteTeam "Dornbirn"]
[BlackTeam "Zillertal"]

1. e4 c5 2. Nf3 Nf6 3. e5 Nd5 4. Bc4 Nb4 5. Be2 d6 6. exd6 Qxd6 7. d4 N4c6 8.
Nc3 cxd4 9. Nb5 Qd8 10. Nbxd4 e5 11. Nxc6 bxc6 12. O-O Be7 13. Qd3 Qc7 14. b3
O-O 15. c4 Nd7 16. Ng5 Nf6 17. f4 e4 18. Nxe4 Bf5 19. Nxf6+ Bxf6 20. Qxf5 Bxa1
21. Bd3 g6 22. Qh3 Rad8 23. Be2 Rfe8 24. Bf3 Qb6+ 25. Kh1 Qf2 26. g3 Re1  0-1

[Event "2. Bundesliga West 2017/18"]
[Site "Hotel Servus Europa"]
[Date "2018.03.10"]
[Round "10"]
[Board "5"]
[White "Platzgummer, Fabian"]
[Black "Ruescher, Christian"]
[Result "1-0"]
[WhiteElo "2343"]
[BlackElo "2068"]
[PlyCount "107"]
[EventDate "2017.10.13"]
[EventType "team"]
[EventRounds "11"]
[EventCountry "AUT"]
[WhiteTeam "Zillertal"]
[BlackTeam "Dornbirn"]

1. Nf3 d5 2. g3 Nf6 3. Bg2 c6 4. O-O Nbd7 5. d4 e6 6. Nbd2 Be7 7. c4 O-O 8. Qc2
b6 9. Rd1 Bb7 10. e4 dxe4 11. Nxe4 Nxe4 12. Qxe4 Nf6 13. Qc2 Qc8 14. c5 Rd8 15.
Bd2 Nd5 16. Rac1 Qc7 17. b4 Rac8 18. a4 Ba6 19. Re1 bxc5 20. dxc5 Rb8 21. Rb1
Bf6 22. Rb3 e5 23. Qe4 Ne7 24. Bg5 Rd5 25. Bxf6 gxf6 26. Qh4 Kg7 27. Qg4+ Kh8
28. Qh4 Kg7 29. Qe4 Rxc5 30. Nd2 f5 31. Qb1 Rd5 32. Bxd5 cxd5 33. Nf3 f6 34.
Rbe3 d4 35. Nxd4 Qd7 36. Nf3 Qxa4 37. Nxe5 Rxb4 38. Qa1 Qxa1 39. Rxa1 Nd5 40.
Rea3 Be2 41. Rxa7+ Kh6 42. Nc6 Re4 43. Rd7 Nc3 44. Raa7 f4 45. Rxh7+ Kg6 46.
Rhg7+ Kh6 47. Rh7+ Kg6 48. g4 f5 49. Rhg7+ Kh6 50. gxf5 Kh5 51. Rg6 Kh4 52.
Rh7+ Bh5 53. f3 Re1+ 54. Kf2  1-0

[Event "2. Bundesliga West 2017/18"]
[Site "Hotel Servus Europa"]
[Date "2018.03.10"]
[Round "10"]
[Board "6"]
[White "Proyer, Enno"]
[Black "Schiestl, Josef"]
[Result "0-1"]
[WhiteElo "2077"]
[BlackElo "2125"]
[PlyCount "68"]
[EventDate "2017.10.13"]
[EventType "team"]
[EventRounds "11"]
[EventCountry "AUT"]
[WhiteTeam "Dornbirn"]
[BlackTeam "Zillertal"]

1. d4 Nf6 2. c4 g6 3. Nc3 Bg7 4. e4 d6 5. Nf3 O-O 6. Bg5 h6 7. Bh4 c5 8. dxc5
dxc5 9. e5 Nfd7 10. e6 fxe6 11. Qc2 g5 12. Bg3 Nc6 13. O-O-O Nd4 14. Nxd4 cxd4
15. Nb5 e5 16. h4 g4 17. Qg6 Rf6 18. Qxg4 a6 19. Na3 Nc5 20. Qe2 e4 21. Be5
Nd3+ 22. Rxd3 exd3 23. Qxd3 Rf7 24. Bxg7 Rxg7 25. Nc2 e5 26. Qe4 Qf6 27. Bd3
Rf7 28. f3 Bf5 29. Qxf5 Qxf5 30. Bxf5 Rxf5 31. Re1 Rc8 32. b3 b5 33. cxb5 d3
34. bxa6 Rxc2+  0-1

[Event "2. Bundesliga West 2017/18"]
[Site "Hotel Servus Europa"]
[Date "2018.03.10"]
[Round "10"]
[Board "1"]
[White "Fedorovsky, Michael"]
[Black "Matt, Fabian"]
[Result "1-0"]
[WhiteElo "2478"]
[BlackElo "2277"]
[PlyCount "57"]
[EventDate "2017.10.13"]
[EventType "team"]
[EventRounds "11"]
[EventCountry "AUT"]
[WhiteTeam "Jenbach 2"]
[BlackTeam "Goetzis 2"]

1. d4 d5 2. c4 dxc4 3. e3 e5 4. Bxc4 exd4 5. exd4 Nf6 6. Nf3 Be7 7. O-O O-O 8.
Ne5 Nbd7 9. Nc3 Nb6 10. Bb3 c6 11. Re1 Nbd5 12. Qf3 Be6 13. Bg5 Nc7 14. Bc2
Qxd4 15. Rad1 Qc5 16. b4 Qxb4 17. Rb1 Qc5 18. Rxb7 Ncd5 19. Nxd5 Nxd5 20. Rc1
Qd6 21. Qd3 f5 22. Bxe7 Qxe5 23. Bxf8 Rxf8 24. Qd2 Qc3 25. Qxc3 Nxc3 26. Re1
Bxa2 27. Ree7 Rf7 28. Rxf7 Bxf7 29. Rb8+  1-0

[Event "2. Bundesliga West 2017/18"]
[Site "Hotel Servus Europa"]
[Date "2018.03.10"]
[Round "10"]
[Board "2"]
[White "Gretz, Denis"]
[Black "Reich, Thomas"]
[Result "1/2-1/2"]
[WhiteElo "2309"]
[BlackElo "2365"]
[PlyCount "87"]
[EventDate "2017.10.13"]
[EventType "team"]
[EventRounds "11"]
[EventCountry "AUT"]
[WhiteTeam "Goetzis 2"]
[BlackTeam "Jenbach 2"]

1. e4 e6 2. d4 d5 3. Nc3 Nf6 4. e5 Nfd7 5. f4 c5 6. Nf3 Nc6 7. Be3 a6 8. Qd2
cxd4 9. Nxd4 Nxd4 10. Bxd4 Bc5 11. Bxc5 Nxc5 12. Qd4 Nd7 13. Bd3 Qb6 14. Ne2
Qxd4 15. Nxd4 Nb8 16. Kd2 Bd7 17. Ke3 Nc6 18. Nxc6 Bxc6 19. Kd4 Bb5 20. a4 Bxd3
21. cxd3 a5 22. Rhc1 Kd7 23. Ra3 Rhc8 24. Rac3 Rc6 25. Rc5 Raa6 26. R1c3 Rab6
27. Rb5 Rxb5 28. axb5 Rxc3 29. Kxc3 Kc7 30. Kb3 h5 31. Ka4 b6 32. Kb3 f6 33.
Kc3 fxe5 34. fxe5 Kd7 35. Kd4 Ke7 36. Ke3 Kf7 37. Kf4 Kg6 38. b3 Kh6 39. h4 Kg6
40. g4 hxg4 41. Kxg4 Kh6 42. h5 g6 43. hxg6 Kxg6 44. d4  1/2-1/2